Normal view
MARC view
- MUJAHIDA MUNAZZA NOREEN FAIZAN ASIF SUFYAN AFZAL
Entry Personal Name
001 - CONTROL NUMBER
- control field: 71676
003 - CONTROL NUMBER IDENTIFIER
- control field: NUST
005 - DATE AND TIME OF LATEST TRANSACTION
- control field: 20210628204651.0
008 - FIXED-LENGTH DATA ELEMENTS
- fixed length control field: 210628|| aca||aabn | a|a d
040 ## - CATALOGING SOURCE
- Original cataloging agency: NUST
- Transcribing agency: NUST
100 ## - HEADING--PERSONAL NAME
- Personal name: MUJAHIDA MUNAZZA NOREEN FAIZAN ASIF SUFYAN AFZAL
670 ## - SOURCE DATA FOUND
- Source citation: Work cat.: (NUST): MUJAHIDA MUNAZZA NOREEN FAIZAN ASIF SUFYAN AFZAL , PR-SOF-1655-NUST GUIDELING BOT SYSTEM TYSON THE BOT, 2017
